[Event "Leipzig VfB op 23rd"]
[Site "Leipzig"]
[Date "2016.03.19"]
[Round "8"]
[White "Jahn, Jens"]
[Black "Rudolph, Juergen"]
[Result "1/2-1/2"]
[WhiteElo "1648"]
[BlackElo "1780"]
[PlyCount "93"]
[EventDate "2016.03.15"]
[EventType "swiss"]
[EventRounds "9"]
[EventCountry "GER"]
[SourceTitle "EXT 2017"]
[Source "ChessBase"]
[SourceDate "2016.10.25"]
[SourceVersion "1"]
[SourceVersionDate "2016.10.25"]
[SourceQuality "1"]

1. d4 e6 2. c4 b6 3. Nf3 Bb7 4. g3 Nf6 5. Bg2 c5 6. 0-0 cxd4 7. Qxd4 Bc5 8. Qd3 Be4 9. Qd1 0-0 10. Nc3 Bb7 11. Qc2 Nc6 12. a3 Nd4 13. Nxd4 Bxg2 14. Rd1 Bh3 15. Ne4 Nxe4 16. Qxe4 f5 17. Qf3 Qe8 18. b4 Bd6 19. Bb2 Bg4 20. Qc3 Be5 21. f3 Bh3 22. f4 Bf6 23. Rd2 e5 24. fxe5 Bxe5 25. Qf3 Bg4 26. Qd5+ Kh8 27. Rad1 f4 28. Ne6 Qxe6 29. Bxe5 fxg3 30. Qxe6 gxh2+ 31. Kxh2 dxe6 32. Rg1 h5 33. Rd7 Rg8 34. Rf1 Kh7 35. Rff7 Raf8 36. e3 Rxf7 37. Rxf7 Kg6 38. Rxa7 Kf5 39. Rxg7 Rxg7 40. Bxg7 Be2 41. c5 bxc5 42. bxc5 Bb5 43. Kg3 Ke4 44. Kf2 Kd5 45. Kg3 Kxc5 46. Kh4 Be2 47. Bf8+ 1/2-1/2

[Event "Leipzig VfB op 23rd"]
[Site "Leipzig"]
[Date "2016.03.17"]
[Round "4"]
[White "Jahn, Jens"]
[Black "Seichter, Andreas"]
[Result "1/2-1/2"]
[WhiteElo "1648"]
[BlackElo "1787"]
[PlyCount "70"]
[EventDate "2016.03.15"]
[EventType "swiss"]
[EventRounds "9"]
[EventCountry "GER"]
[SourceTitle "EXT 2017"]
[Source "ChessBase"]
[SourceDate "2016.10.25"]
[SourceVersion "1"]
[SourceVersionDate "2016.10.25"]
[SourceQuality "1"]

1. d4 d5 2. c4 e6 3. Nc3 Nf6 4. Bg5 Be7 5. Nf3 0-0 6. e3 h6 7. Bh4 b6 8. cxd5 Nxd5 9. Bxe7 Qxe7 10. Nxd5 exd5 11. Bd3 c5 12. 0-0 c4 13. Be2 Be6 14. a4 Nd7 15. Rc1 Qb4 16. Qc2 Nf6 17. Nd2 Rac8 18. Rfd1 c3 19. bxc3 Qe7 20. Qb3 Rc7 21. Ba6 Ng4 22. h3 Nf6 23. c4 Bc8 24. Bxc8 Rfxc8 25. Rc2 dxc4 26. Rxc4 Rxc4 27. Nxc4 Qe6 28. Nd2 Qxb3 29. Nxb3 Rc3 30. Rb1 Ne4 31. f3 Nd6 32. e4 Rd3 33. d5 Nc4 34. Kf2 Na3 35. Rb2 Nc4 1/2-1/2

[Event "Leipzig VfB op 22nd"]
[Site "Leipzig"]
[Date "2015.03.04"]
[Round "3"]
[White "Miszler, Levente"]
[Black "Jahn, Jens"]
[Result "1/2-1/2"]
[WhiteElo "1847"]
[BlackElo "1653"]
[PlyCount "107"]
[EventDate "2015.03.03"]
[EventType "swiss"]
[EventRounds "9"]
[EventCountry "GER"]
[SourceTitle "EXT 2016"]
[Source "ChessBase"]
[SourceDate "2015.10.08"]
[SourceVersion "1"]
[SourceVersionDate "2015.10.08"]
[SourceQuality "1"]

1. e4 d5 2. exd5 Qxd5 3. Nc3 Qa5 4. Nf3 Bf5 5. Bc4 c6 6. 0-0 e6 7. d3 Nf6 8. Bd2 Qc7 9. Qe2 Nbd7 10. Ne4 Be7 11. Bc3 0-0 12. Nxf6+ Bxf6 13. Bxf6 Nxf6 14. h3 h6 15. Rfe1 Rfe8 16. Nd2 Rad8 17. Ne4 Bxe4 18. dxe4 Rd7 19. Rad1 Red8 20. f3 Qb6+ 21. Kh1 Qxb2 22. Rxd7 Rxd7 23. Rd1 Rxd1+ 24. Qxd1 Qb6 25. Bb3 Qc7 26. Qd4 b6 27. a3 Qd7 28. Qxd7 Nxd7 29. Kg1 Kf8 30. Kf2 Ke7 31. Ke3 Kd6 32. f4 Nc5 33. Bc4 b5 34. e5+ Kc7 35. Kd4 Kb6 36. Ba2 Na4 37. g4 c5+ 38. Kd3 c4+ 39. Kd2 Kc5 40. c3 a5 41. Bb1 b4 42. axb4+ axb4 43. cxb4+ Kxb4 44. Bc2 Nc5 45. h4 Nb3+ 46. Kd1 Kc3 47. f5 Kd4 48. f6 gxf6 49. exf6 Ke5 50. g5 Nd4 51. Bg6 hxg5 52. hxg5 Kf4 53. Bxf7 Kxg5 54. Bxe6 1/2-1/2

[Event "Leipzig VfB op 21st"]
[Site "Leipzig"]
[Date "2014.03.05"]
[Round "3"]
[White "Jahn, Jens"]
[Black "Bruening, Wolfgang"]
[Result "1/2-1/2"]
[WhiteElo "1641"]
[BlackElo "1922"]
[PlyCount "97"]
[EventDate "2014.03.04"]
[EventType "tourn"]
[EventRounds "9"]
[EventCountry "GER"]
[SourceTitle "CBM 159 Extra"]
[Source "ChessBase"]
[SourceDate "2014.04.24"]
[SourceVersion "1"]
[SourceVersionDate "2014.04.24"]
[SourceQuality "1"]

1. d4 e6 2. c4 f5 3. Nf3 Nf6 4. g3 d5 5. cxd5 exd5 6. Bg2 Bd6 7. Nc3 c6 8. 0-0 0-0 9. Bg5 Qe8 10. e3 Ne4 11. Qc2 Nd7 12. Bf4 Qe7 13. Rfe1 a5 14. a3 Nxc3 15. Bxd6 Qxd6 16. Qxc3 Nf6 17. Ne5 Ne4 18. Qc2 Be6 19. Rac1 Rfc8 20. Nd3 b6 21. Nf4 Bd7 22. Nd3 Ra7 23. b4 axb4 24. axb4 Rca8 25. Qd1 Ra2 26. Re2 Qf8 27. Ne5 Be8 28. Bxe4 fxe4 29. Rxa2 Rxa2 30. Rc2 Rxc2 31. Qxc2 Qxb4 32. Nxc6 Qc4 33. Qxc4 dxc4 34. Ne7+ Kf7 35. Nd5 Bc6 36. Nb4 Bd7 37. Kf1 Ke6 38. Ke2 Ba4 39. Kd2 Bd7 40. Kc3 b5 41. d5+ Ke5 42. h4 Be8 43. Kd2 Bf7 44. Kc3 h5 45. Nc2 Kxd5 46. Kb4 Be8 47. Nd4 Bd7 48. Nc2 Kd6 49. Nd4 1/2-1/2

[Event "Leipzig VfB op 21st"]
[Site "Leipzig"]
[Date "2014.03.05"]
[Round "2"]
[White "Petiko, Nikolai"]
[Black "Jahn, Jens"]
[Result "1-0"]
[WhiteElo "2074"]
[BlackElo "1641"]
[PlyCount "43"]
[EventDate "2014.03.04"]
[EventType "tourn"]
[EventRounds "9"]
[EventCountry "GER"]
[SourceTitle "CBM 159 Extra"]
[Source "ChessBase"]
[SourceDate "2014.04.24"]
[SourceVersion "1"]
[SourceVersionDate "2014.04.24"]
[SourceQuality "1"]

1. e4 d5 2. exd5 Qxd5 3. Nc3 Qa5 4. d4 Bf5 5. Nf3 Nf6 6. Bd2 c6 7. Bc4 Nbd7 8. Nd5 Qd8 9. Ne3 Bg6 10. Qe2 e6 11. 0-0-0 Be7 12. Kb1 0-0 13. h4 Nb6 14. Bb3 h6 15. g4 Ne4 16. Bc1 Nd5 17. Nxd5 cxd5 18. Rdg1 Rc8 19. Ne5 Bh7 20. f3 Nd6 21. g5 hxg5 22. hxg5 1-0

[Event "Leipzig VfB op 21st"]
[Site "Leipzig"]
[Date "2014.03.04"]
[Round "1"]
[White "Jahn, Jens"]
[Black "Ziese, Gerhard"]
[Result "1-0"]
[WhiteElo "1641"]
[BlackElo "2000"]
[PlyCount "55"]
[EventDate "2014.03.04"]
[EventType "tourn"]
[EventRounds "9"]
[EventCountry "GER"]
[SourceTitle "CBM 159 Extra"]
[Source "ChessBase"]
[SourceDate "2014.04.24"]
[SourceVersion "1"]
[SourceVersionDate "2014.04.24"]
[SourceQuality "1"]

1. d4 Nf6 2. c4 c5 3. Nf3 cxd4 4. Nxd4 e5 5. Nf3 e4 6. Nd4 Nc6 7. e3 Bc5 8. Be2 0-0 9. 0-0 d5 10. cxd5 Qxd5 11. Nc3 Qd7 12. Nxc6 Qxc6 13. Bd2 Bf5 14. Rc1 Rfd8 15. Qe1 Rac8 16. b4 Bxb4 17. Nxe4 Qxe4 18. Rxc8 Bxc8 19. Bxb4 b6 20. Bc3 Nd5 21. Qd2 f5 22. Rd1 Bb7 23. Bf3 Qc4 24. Be2 Qc6 25. Qd4 Rd7 26. Bc4 Kf8 27. Bxd5 Qxd5 28. Qb4+ 1-0

[Event "Leipzig VfB op 20th"]
[Site "Leipzig"]
[Date "2013.03.09"]
[Round "7"]
[White "Jahn, Jens"]
[Black "Langer, Stefan"]
[Result "0-1"]
[WhiteElo "1592"]
[BlackElo "1805"]
[PlyCount "66"]
[EventDate "2013.03.05"]
[EventType "swiss"]
[EventRounds "9"]
[EventCountry "GER"]
[SourceTitle "EXT 2014"]
[Source "ChessBase"]
[SourceDate "2013.11.20"]
[SourceVersion "1"]
[SourceVersionDate "2013.11.20"]
[SourceQuality "1"]

1. d4 d5 2. c4 c6 3. Nf3 Nf6 4. Nc3 e6 5. Bg5 Be7 6. e3 0-0 7. Qc2 Nbd7 8. Bd3 dxc4 9. Bxc4 Re8 10. 0-0 Nf8 11. Ne5 Qc7 12. Rac1 b6 13. a3 Bb7 14. Ba2 Rac8 15. Bb1 Ba8 16. Ne4 Nxe4 17. Bxe7 Qxe7 18. Qxe4 c5 19. Qf4 cxd4 20. Qxd4 Qg5 21. f3 Red8 22. Qf4 Qxf4 23. exf4 Rxc1 24. Rxc1 f6 25. Nc4 Rd4 26. f5 e5 27. Ba2 Bd5 28. b3 Nd7 29. Ne3 Bf7 30. Rc8+ Nf8 31. Rc2 Rd3 32. Nc4 Nd7 33. Rd2 Bxc4 0-1

[Event "Leipzig VfB op 20th"]
[Site "Leipzig"]
[Date "2013.03.07"]
[Round "5"]
[White "Jahn, Jens"]
[Black "Schuetzhold, Frank"]
[Result "0-1"]
[WhiteElo "1592"]
[BlackElo "1900"]
[PlyCount "112"]
[EventDate "2013.03.05"]
[EventType "swiss"]
[EventRounds "9"]
[EventCountry "GER"]
[SourceTitle "EXT 2014"]
[Source "ChessBase"]
[SourceDate "2013.11.20"]
[SourceVersion "1"]
[SourceVersionDate "2013.11.20"]
[SourceQuality "1"]

1. d4 Nf6 2. c4 e6 3. Nc3 Bb4 4. e3 c5 5. Nf3 Nc6 6. Bd3 Bxc3+ 7. bxc3 d6 8. 0-0 0-0 9. Qc2 e5 10. d5 Na5 11. Ng5 h6 12. Nh7 Nxh7 13. Bxh7+ Kh8 14. Bd3 f5 15. e4 f4 16. f3 h5 17. g3 g5 18. Rf2 Bh3 19. Be2 Bd7 20. Bd2 Qf6 21. Kh1 Qh6 22. Rg1 Rf7 23. Bf1 Raf8 24. Qd3 a6 25. h3 b5 26. cxb5 Bxb5 27. Qb1 Rb7 28. Qc2 Nc4 29. a4 Ne3 30. Bxe3 fxe3 31. Rfg2 Bd7 32. Qd3 Bxh3 33. Rh2 Bxf1 34. Rxf1 Rbf7 35. Qxe3 Qg6 36. g4 h4 37. Kg2 Rf4 38. Qe2 Qf7 39. Rh3 Qb7 40. Qc2 Rb8 41. Rhh1 Qb2 42. Rf2 Qb6 43. Rff1 Qb2 44. Rf2 Qxc2 45. Rxc2 Rf7 46. Kf2 Rfb7 47. Rhc1 Rb3 48. Ra1 Rb2 49. Rac1 Kg7 50. Rxb2 Rxb2+ 51. Kg1 Kf6 52. Rf1 Ke7 53. Rf2 Rb3 54. Rc2 Kd7 55. Kf2 Ra3 56. Rb2 Kc7 0-1

[Event "Leipzig VfB op 20th"]
[Site "Leipzig"]
[Date "2013.03.05"]
[Round "1"]
[White "Jahn, Jens"]
[Black "Ziese, Gerhard"]
[Result "0-1"]
[WhiteElo "1592"]
[BlackElo "1998"]
[PlyCount "78"]
[EventDate "2013.03.05"]
[EventType "swiss"]
[EventRounds "9"]
[EventCountry "GER"]
[SourceTitle "EXT 2014"]
[Source "ChessBase"]
[SourceDate "2013.11.20"]
[SourceVersion "1"]
[SourceVersionDate "2013.11.20"]
[SourceQuality "1"]

1. d4 Nf6 2. c4 c5 3. d5 b5 4. b3 bxc4 5. bxc4 g6 6. Nc3 Bg7 7. Bb2 0-0 8. Nf3 d6 9. e3 Nbd7 10. Bd3 Rb8 11. Qc2 Qa5 12. 0-0 Ng4 13. Rab1 Rxb2 14. Rxb2 Qxc3 15. Rb3 Qa5 16. Rfb1 Nge5 17. Nxe5 Bxe5 18. Rb5 Qa6 19. Qd2 Nb6 20. Qe1 Bd7 21. Qa5 Bxb5 22. Rxb5 Qxa5 23. Rxa5 Ra8 24. f4 Bf6 25. Be2 a6 26. e4 Bb2 27. Kf1 Nd7 28. Bf3 Ra7 29. Ke2 Kg7 30. Bg4 Nb6 31. Kd3 h5 32. Be2 Nd7 33. Kc2 Bd4 34. Ra3 a5 35. g4 hxg4 36. Bxg4 Nf6 37. Bf3 a4 38. h3 Kf8 39. Kd3 Bb2 0-1

[Event "Leipzig VfB op 16th"]
[Site "Leipzig"]
[Date "2009.04.05"]
[Round "9"]
[White "Kuenne, Lutz Dieter"]
[Black "Jahn, Jens"]
[Result "1-0"]
[WhiteElo "1620"]
[BlackElo "1271"]
[PlyCount "92"]
[EventDate "2009.03.31"]
[EventType "swiss"]
[EventRounds "9"]
[EventCountry "GER"]
[SourceTitle "EXT 2010"]
[Source "ChessBase"]
[SourceDate "2010.11.25"]
[SourceVersion "1"]
[SourceVersionDate "2010.11.25"]
[SourceQuality "1"]

1. e4 c6 2. d4 d5 3. exd5 cxd5 4. Nf3 Nf6 5. Bb5+ Bd7 6. Qe2 Qa5+ 7. Nc3 Ne4 8. Bd2 Nxc3 9. Bxd7+ Nxd7 10. Bxc3 Qc7 11. 0-0 e6 12. Ne5 Nxe5 13. dxe5 Bc5 14. Qb5+ Qc6 15. Qxc6+ bxc6 16. b4 Bb6 17. a4 Kd7 18. a5 Bc7 19. Bd4 Rhb8 20. c3 c5 21. bxc5 Rb5 22. a6 Kc6 23. Rfb1 Rxb1+ 24. Rxb1 Rb8 25. Rb4 Rxb4 26. cxb4 Kb5 27. Bc3 Kxa6 28. f4 f6 29. exf6 gxf6 30. Bxf6 Bxf4 31. Bc3 Kb5 32. g3 Bc7 33. Kf2 a5 34. bxa5 Bxa5 35. Bxa5 Kxa5 36. Ke3 Kb5 37. Kd4 Kc6 38. h4 e5+ 39. Kxe5 Kxc5 40. Kf4 Kc4 41. Ke3 h5 42. Kd2 Kd4 43. Ke2 Ke4 44. g4 hxg4 45. h5 Kf5 46. Ke3 Kg5 1-0